<?xml version="1.0" encoding="UTF-8"?>
<record
    xmlns:xsi="http://www.w3.org/2001/XMLSchema-instance"
    xsi:schemaLocation="http://www.loc.gov/MARC21/slim http://www.loc.gov/standards/marcxml/schema/MARC21slim.xsd"
    xmlns="http://www.loc.gov/MARC21/slim">

  <leader>00855nam a22001577a 4500</leader>
  <controlfield tag="003">OSt</controlfield>
  <controlfield tag="005">20151217150707.0</controlfield>
  <controlfield tag="008">151217b        xxu||||| |||| 00| 0 eng d</controlfield>
  <datafield tag="040" ind1=" " ind2=" ">
    <subfield code="c">RUA </subfield>
  </datafield>
  <datafield tag="082" ind1=" " ind2=" ">
    <subfield code="a">AED UCH 2006 B221 Or.1 </subfield>
  </datafield>
  <datafield tag="100" ind1=" " ind2=" ">
    <subfield code="9">5038</subfield>
    <subfield code="a">UCH SOPHEAP; &#x17A2;&#x17CA;&#x17BB;&#x1785; &#x179F;&#x17BB;&#x1797;&#x17B6;&#x1796;</subfield>
  </datafield>
  <datafield tag="245" ind1=" " ind2=" ">
    <subfield code="a">The impact of pesticide ues on health and environment of vegetable farmers at kien svay district, kandal province, &#x1780;&#x17B6;&#x179A;&#x179F;&#x17B7;&#x1780;&#x17D2;&#x179F;&#x17B6;&#x1796;&#x17B8;&#x1795;&#x179B;&#x1794;&#x17C9;&#x17C7;&#x1796;&#x17B6;&#x179B;&#x17CB;&#x1793;&#x17C3;&#x1780;&#x17B6;&#x179A;&#x1794;&#x17D2;&#x179A;&#x17BE;&#x1794;&#x17D2;&#x179A;&#x17B6;&#x179F;&#x17CB;&#x1790;&#x17D2;&#x1793;&#x17C6;&#x17B6;&#x1796;&#x17BB;&#x179B;&#x1780;&#x179F;&#x17B7;&#x1780;&#x1798;&#x17D2;&#x1798;&#x1791;&#x17C5;&#x179B;&#x17BE;&#x179F;&#x17BB;&#x1781;&#x1797;&#x17B6;&#x1796; &#x1793;&#x17B7;&#x1784;&#x1794;&#x179A;&#x17B7;&#x179F;&#x17D2;&#x1790;&#x17B6;&#x1793;&#x179A;&#x1794;&#x179F;&#x17CB;&#x1780;&#x179F;&#x17B7;&#x1780;&#x179A;&#x178A;&#x17C6;&#x17B6;&#x1794;&#x1793;&#x17D2;&#x179B;&#x17C2;&#x1793;&#x17C5;&#x179F;&#x17D2;&#x179A;&#x17BB;&#x1780;&#x1780;&#x17C0;&#x1793;&#x179F;&#x17D2;&#x179C;&#x17B6;&#x1799; &#x1781;&#x17C1;&#x178F;&#x17D2;&#x178F;&#x1780;&#x178E;&#x17D2;&#x178A;&#x17B6;&#x179B;.</subfield>
  </datafield>
  <datafield tag="260" ind1=" " ind2=" ">
    <subfield code="a">Phnom Penh </subfield>
    <subfield code="b">RUA </subfield>
    <subfield code="c">2006</subfield>
  </datafield>
  <datafield tag="300" ind1=" " ind2=" ">
    <subfield code="a">xi;52p.</subfield>
    <subfield code="b">ill.</subfield>
    <subfield code="c">29cm.</subfield>
  </datafield>
  <datafield tag="942" ind1=" " ind2=" ">
    <subfield code="2">ddc</subfield>
    <subfield code="c">AED</subfield>
  </datafield>
  <datafield tag="999" ind1=" " ind2=" ">
    <subfield code="c">4687</subfield>
    <subfield code="d">4687</subfield>
  </datafield>
  <datafield tag="952" ind1=" " ind2=" ">
    <subfield code="0">0</subfield>
    <subfield code="1">0</subfield>
    <subfield code="2">ddc</subfield>
    <subfield code="4">0</subfield>
    <subfield code="6">AED_UCH_2006_000000000000000_B221_OR_1</subfield>
    <subfield code="7">0</subfield>
    <subfield code="9">24109</subfield>
    <subfield code="a">LBB</subfield>
    <subfield code="b">LBB</subfield>
    <subfield code="c">B221</subfield>
    <subfield code="d">2015-12-17</subfield>
    <subfield code="o">AED UCH 2006 B221 Or.1</subfield>
    <subfield code="p">RUA012108</subfield>
    <subfield code="r">2015-12-17</subfield>
    <subfield code="w">2015-12-17</subfield>
    <subfield code="y">AED</subfield>
  </datafield>
</record>
